000 00755cam a2200277 4500
008 090401t1994 xxu||||| |||| 00| 0 eng d
020 _a0884629805
035 _a(Sirsi) u79347
041 _aeng
050 _a333.3320973
100 _aFisher, Jeffrey D.
245 _aIncome property valuation.
260 _aChicago, Ill.
_bReal Estate Education Company
_c1994
300 _axxiv,593p. ; 24cm.
350 _a47.95
650 _aPROPERTY-COMMERCIAL PROPERTY
650 _aINCOME PROPERTY VALUATION
650 _aPROPERTY INVESTMENT
650 _aREAL ESTATE APPRAISAL
650 _aUNITED STATES
650 _aValuation
_96273
690 _aRATING AND VALUATION
700 _aMartin, Robert S.
942 _n0
948 _c01/07/1997
999 _c96532
_d96532